00436nam a22001577a 4500003000500000005001700005008004100022020001800063040000600081082001800087100005000105245007600155250000800231260002300239300001600262CEME20210628202235.0210113b xxu||||| |||| 00| 0 eng d a9788126521920 c. a572.80285 BAX aBaxevanis, Andreas D, Quellette, B.F. Francis aBioinformatics, a practical guide to the analysis of genes and proteins a3RD aINDIAbWILEYc2014 aXVIII, 540P